01960nam a2200445 i 450000100060000000300080000600500170001400600190003100700150005000800410006502000180010602000280012404000310015205000220018308000100020508200160021510000300023124501330026126400700039430000410046433600310050533700360053633800430057249000840061550400420069958801340074160000670087560000660094260000750100865000540108365000300113765000270116765000540119465000390124865000310128765500270131883000850134503500220143085600620145227124FlNmELB20241216215945.0m o u cr cn|||||||||190221s2013 sp b 001 0 spa d z9788484897262 a9783954872336q(e-book) aFINmELBbspaerdacFINmELB14aPQ7081b.V39 2013 a82.0904a860.9982231 aVázquez-Medina, Olivia.10aCuerpo, historia y textualidad en Augusto Roa Bastos, Fernando del Paso y Gabriel García Márquez /cOlivia Vázquez-Medina. 1aMadrid :bIberoamericana ;aFrankfurt am Main :bVervuert,c2013. a1 recurso en línea (235 páginas) atextobtxt2rdacontent/spa acomputadorabcbc2rdamedia/spa arecurso en líneabcr2rdacarrier/spa1 aEdiciones de Iberoamericana. Serie A, Historia y critica de la literatura ;v66 aIncluye referencias bibliográficas. aDescripción basada en recurso en línea; título de la página del título en PDF (elibro, visto el 21 de febrero de 2019).10aRoa Bastos, Augusto,d1917-2005xCriticism and interpretation.10aPaso, Fernando del,d1935-2018xCriticism and interpretation.10aGarcía Márquez, Gabriel,d1927-2014xCriticism and interpretation. 0aLatin American literaturexHistory and criticism. 0aHuman body in literature. 0aHistory in literature. 4aLiteratura latinoamericanaxHistoria y crítica. 4aEl cuerpo humano en la literatura. 4aHistoria de la literatura. 4aLibros electrónicos. 0aEdiciones de Iberoamericana. Serie A, Historia y critica de la literatura ;v66. a(OCoLC)110586978140uhttps://elibro.net/ereader/politecnicointernacional/37044